| 000 | 00404cam a2200169ua 4500 | ||
|---|---|---|---|
| 020 | _c5.65 | ||
| 041 |
_aeng _h |
||
| 082 |
_a535.6 _bSTE/NI |
||
| 100 | _aSteinhaus, A . | ||
| 245 |
_aNine colours of the rainbow / _cA.Steinhaus. _hTextual Documents |
||
| 260 |
_aMoscow : _bMir publishers , _c1966. |
||
| 300 | _a356 ; . | ||
| 365 | _a5.65 | ||
| 504 | _a | ||
| 942 | _cBK | ||
| 999 |
_c8773 _d8773 |
||